Vista normal
Vista MARC
Entrada Topical Term
Número de registros utilizados en: 1
001 - CONTROL NUMBER
- control field: 27514
003 - CONTROL NUMBER IDENTIFIER
- control field: OSt
005 - DATE AND TIME OF LATEST TRANSACTION
- control field: 20231102145929.0
008 - FIXED-LENGTH DATA ELEMENTS
- fixed length control field: 151205|| aca||aabn | a|a d
040 ## - CATALOGING SOURCE
- Original cataloging agency: OSt
- Transcribing agency: OSt
150 ## - HEADING--TOPICAL TERM
- Topical term or geographic name entry element: PROCEDIMIENTO PENAL
- General subdivision: MÉXICO
670 ## - SOURCE DATA FOUND
- Source citation: Work cat.: (OSt)59328: ALMANZA ALTAMIRANO, Frank /autor 8970, La teoría del delito desde la visión finalista y funcionalista, ,2014